Catálogo
 En Linea

El grito de lares / (Registro nro. 39239)

Detalles MARC
000 -CABECERA
campo de control de longitud fija 00422nam a2200133 a 4500
001 - NÚMERO DE CONTROL
campo de control 000039749
005 - FECHA Y HORA DE LA ÚLTIMA TRANSACCIÓN
campo de control 20201002033719.0
008 - DATOS DE LONGITUD FIJA--INFORMACIÓN GENERAL
campo de control de longitud fija 130718s1968 pr ac 000 0 spa d
040 ## - FUENTE DE LA CATALOGACIÓN
Centro catalogador/agencia de origen DO-SdBNP
Lengua de catalogación spa
Centro/agencia transcriptor BNPHU
100 1# - ENTRADA PRINCIPAL--NOMBRE DE PERSONA
Nombre de persona Cruz Monclova, Lidio
9 (RLIN) 39807
245 13 - MENCIÓN DE TÍTULO
Título El grito de lares /
Mención de responsabilidad, etc. Lidio Cruz Monclova.
260 ## - PUBLICACIÓN, DISTRIBUCIÓN, ETC.
Lugar de publicación, distribución, etc. Puerto Rico :
Nombre del editor, distribuidor, etc. Instituto de Cultura Puertorriqueña,
Fecha de publicación, distribución, etc. 1968.
300 ## - DESCRIPCIÓN FÍSICA
Extensión 40 p. :
Otras características físicas ils., retrs. ;
Dimensiones 23 cm.
Existencias
Estado de retiro Estado de pérdida Restricciones de uso No para préstamo Código de colección Localización permanente Ubicación/localización actual Ubicación en estantería Fecha de adquisición Número de inventario Total de préstamos Signatura topográfica completa Código de barras Fecha visto por última vez Precio válido a partir de Tipo de ítem Koha
        Monografías: Libros y Folletos General General En catalogación 18.07.2013 LF1   39749-10 25.06.2020 25.06.2020 Préstamo en sala

Con tecnología Koha